|
|
|
|
| LEADER |
00000nab a2200000 a 4500 |
| 001 |
vtls000026758 |
| 003 |
SK-MaSNL |
| 005 |
20260305000634.0 |
| 008 |
250423c1979 xo 0 slo |
| 015 |
|
|
|a SNBRB19rr/mm-uuuuu
|
| 035 |
|
|
|a CL0036852
|
| 035 |
|
|
|a urn:nbn:sk:snk-abb7mv
|
| 035 |
|
|
|a (urnnbn)urn:nbn:sk:snk:ar-000lfc
|
| 035 |
|
|
|a (uuid)25b53521-f411-4a53-9394-496e188e5673
|
| 040 |
|
|
|a SNKBUCL
|b slo
|c SNKBUCL
|e AACR2
|
| 041 |
0 |
|
|a slo
|
| 044 |
|
|
|a xo
|c SK
|
| 080 |
|
|
|a 023.5:331.875
|2 1981
|
| 080 |
|
|
|a 331.875
|2 1981
|
| 080 |
|
|
|a 681.3
|2 1981
|
| 080 |
|
|
|a 025.2
|2 1981
|
| 100 |
1 |
|
|a Bako, Michal,
|d 1924-2004
|4 aut
|9 210381
|
| 245 |
1 |
0 |
|a Systémové, technologické a technické otázky automatizácie knižníc
|b Automatizácia akvizičnej činnosti
|c Michal Bako, Štefan Kimlička
|
| 650 |
0 |
7 |
|a automatizácia knižničná
|2 snkbucl
|9 1002680
|
| 650 |
0 |
7 |
|a akvizícia (knihovníctvo)
|2 snkbucl
|9 1311
|
| 655 |
|
7 |
|a články z novín a časopisov
|2 snkbucl
|9 267496
|
| 655 |
|
7 |
|a články z odboru knihovníctvo
|2 snkbucl
|9 166141
|
| 700 |
1 |
|
|a Kimlička, Štefan,
|d 1943-2006
|4 aut
|9 264216
|
| 773 |
0 |
|
|t Čitateľ
|g Roč. 28, č. 5 (1979), s. 173-176
|
| 850 |
|
|
|a Slovenská národná knižnica
|
| 852 |
|
|
|a Slovenská národná knižnica
|
| 954 |
|
|
|a odborná, vedecká literatúra pôvodná (slovenská)
|2 lita
|
| 958 |
|
|
|a article15
|
| 958 |
|
|
|a RK
|
| 958 |
|
|
|a KL
|
| 958 |
|
|
|a OND
|
| 958 |
|
|
|a EUIPO
|
| 992 |
|
|
|a RBX
|
| 999 |
|
|
|c 3214863
|d 3216793
|